| 000 | 00538nam a22002177a 4500 | ||
|---|---|---|---|
| 003 | OSt | ||
| 005 | 20250308182840.0 | ||
| 008 | 250308b |||||||| |||| 00| 0 eng d | ||
| 022 | _29781861523686 | ||
| 040 | _cCU | ||
| 050 | _aHD57 | ||
| 100 | _aKakabadse, Andrew | ||
| 245 | _aEssence of Leadership | ||
| 250 | _a1st | ||
| 260 |
_aLondon _bInternational Thompson Business Press _c1999 |
||
| 300 |
_ax,486p _bill.; |
||
| 500 | _ainclude index | ||
| 700 | _aKakabadse, Andrew | ||
| 700 | _aKakabadse Nada | ||
| 942 |
_2lcc _cBK _e1st _n0 |
||
| 999 |
_c4617 _d4617 |
||